Airlines in Hamburg (Sommerflugplan 2023) - Statistiken

Allgemein
  • Dieses Quiz wurde 216 mal gespielt
  • Das Durchschnittsergebnis liegt bei 23 aus 44
Antwortstatistiken
Hint Antwort % Korrekt
Deutschland Lufthansa
96%
Türkei Turkish Airlines
89%
Deutschland Eurowings
87%
Vereinigtes Königreich British Airways
84%
Frankreich Air France
83%
Vereinigte Arabische Emirate Emirates
83%
Irland Ryanair
83%
Niederlande KLM
81%
Österreich Austrian Airlines
73%
Schweiz Swiss
71%
Finnland Finnair
70%
Deutschland Condor
68%
Spanien Iberia
66%
Vereinigtes Königreich easyJet
64%
Norwegen Norwegian
64%
Italien ITA Airways
62%
Polen LOT Polish Airlines
62%
Portugal TAP Air Portugal
62%
Türkei Sun Express
60%
Lettland Air Baltic
59%
Schweden SAS Scandinavian Airlines
59%
Griechenland Aegean
56%
Island Icelandair
56%
Luxemburg Luxair
56%
Belgien Brussels Airlines
55%
Türkei Pegasus
54%
Iran Iran Air
53%
Irland Aer Lingus
51%
Serbien Air Serbia
48%
Ägypten Air Cairo
45%
Ungarn Wizzair
44%
Tunesien Tunisair
39%
Türkei Corendon
35%
Island Play Airlines
32%
Spanien vueling
32%
Dänemark Danish Air Transport
21%
Türkei Freebird Airlines
20%
Estland Marabu
19%
Norwegen wideroe
15%
Türkei Mavi Gök
10%
Türkei Tailwind Airlines
9%
Italien SkyAlps
7%
Türkei Southwind Airlines
7%
Deutschland Sylt Air
5%
Keine übereinstimmenden Quizze gefunden
Verteilung der Resultate
Anzahl Personen mit jedem Resultat
Perzentil nach korrekt beantworteten Fragen
Ihre Resultats-Entwicklung
Sie haben dieses Quiz noch nicht gespielt